000 00819nam a2200253Ia 4500
003 OSt
005 20220923211102.0
006 a|||||r|||| 00| 0
007 ta
008 Pun
020 _a81788345/8 (hbk)
_c220
024 _a243,960
037 _b301, 08/10/2010, H.K. Prakashan
_cTextual
040 _aARTS
_cARTS
_bPun
041 _2Pun
_aPun
082 _aO153,2:g(NR), P8
100 _aਸਿੰਘ, ਕੁਲਦੀਪ
_9156291
245 0 _aਭਾਰਤ ਦੀ ਸੰਗੀਤ ਨਾਟਕੀ ਪੰਰਪਰਾ
260 _aਲੁਧਿਆਣਾ
_b ਚੇਤਨਾ
_c2008
300 _a184ਪੰ
_ccm.
650 _aਪੰਜਾਬੀ ਸਾਹਿਤ
942 _hO153,2:g(NR), P8
_cTEXL
_2CC
999 _c295022
_d295022